[O Aleksee cheloveke Bozhem (romanized form)] : The comedy of St. Alexis.

Bibliographic Details
Main Author: Kuzmin, Mikhail Alekseevich, 1875-1936
Format: Book
Language:English
Published: Letchworth (Herts.) : Prideaux P., 1970.
Series:Russian titles for the specialist ; no. 11.

MARC

Tag First Indicator Second Indicator Subfields
LEADER 00000cam a2200000 4500
001 in00000200239
005 20151009055439.0
008 790319s1970 enk 00001 engxd
010 |a  78544409  
035 |a (OCoLC)04755700 
035 |9 AAX0885AM 
040 |a DLC  |c RBN  |d RBN  |d TXA  |d UtOrBLW 
049 |a TXAM  |c [1471635] 
050 0 0 |a PG3467.K93  |b O2 1970 
100 1 |a Kuzmin, Mikhail Alekseevich,  |d 1875-1936. 
245 1 0 |a [O Aleksee cheloveke Bozhem (romanized form)] :  |b The comedy of St. Alexis. 
264 1 |a Letchworth (Herts.) :  |b Prideaux P.,  |c 1970. 
300 |a 45 pages ;  |c 21 cm. 
336 |a text  |b txt  |2 rdacontent 
337 |a unmediated  |b n  |2 rdamedia 
338 |a volume  |b nc  |2 rdacarrier 
490 1 |a Russian titles for the specialist,  |v no. 11 
740 4 |a The comedy of St. Alexis. 
830 0 |a Russian titles for the specialist ;  |v no. 11. 
999 |a MARS 
999 f f |s b37ff1fe-f9e1-384c-afa3-e18fb3e14cf6  |i 06bbcd32-284d-3b1e-829a-f767606ff306  |t 0 
952 f f |p ric  |a Texas A&M University  |b Rellis Campus  |c Joint Library Facility  |d Remote Storage  |t 0  |e PG3467.K93 O2 1970  |h Library of Congress classification  |i unmediated -- volume  |m A14803627298 
998 f f |a PG3467.K93 O2 1970  |t 0  |l Remote Storage